000 00497nam a2200169 i 4500
001 99606
003 ES-MaACL
005 20230906182526.0
007 t|
008 050913s1973 sp ||||1| spa d
100 1 _aMartínez Bande, José Manuel.
_977883
245 1 4 _aLos cien últimos días de la República /
_cJosé Manuel Martínez Bande.
250 _a[1ª ed.].
260 _aBarcelona :
_bCaralt,
_c1973.
300 _a322 p., 16 lám. ;
_c22 cm.
852 _aES-MaACL
_jC-55213
_bR.87970
999 _c99606
_d99606